| 000 | 00562 a2200169 4500 | ||
|---|---|---|---|
| 003 | Nust | ||
| 005 | 20230310121355.0 | ||
| 040 | _cNust | ||
| 082 | _a371.102,HIG | ||
| 100 |
_aHighet, Gilbert _949670 |
||
| 245 |
_aThe art of teaching / _cGilbert Highet |
||
| 260 |
_aNew york _bAlferad company _c1936 |
||
| 300 | _a260,p: | ||
| 505 | _aIntroduction (Page-3), The Teacher (Page-8), The Teacher Methods (Page-66), Great Teachers and Their Pupils (Page-154), Teaching in Everyday Life (Page-234). | ||
| 650 |
_aThe art of teaching _9110148 |
||
| 942 |
_2ddc _cBK |
||
| 999 |
_c185992 _d185992 |
||